000
00329nam a2200145Ia 4500
008
090122s9999 xx 000 0 und d
082
_b
3411
_a
T4(E)
100
_a
Menezes
_b
James
245
_a
Mercantile Law
600
_a
Menezes
630
_a
Mercantile Law
700
_a
Menezes
730
_a
Mercantile Law
942
_c
BOOK
999
_c
27489
_d
27489